• 首页
  • 本馆介绍
  • 公告通知
  • 最新文献
  • 馆藏检索
  • 电子资源
  • 读者导购
  • 参考咨询
  • 我的图书馆
  • 登录
  • 详细信息显示
  • 放入我的书架
  • 预约/预借图书
  • 作者相关作品
  • 分类相关作品
  • 丛书相关作品
  • 出版社相关作品

书目信息

  • 表格格式
  • 工作单格式
  • 卡片格式
题名:
英语习题1700例
    
 
作者: 卞志滢 编著
分册:  
出版信息: 郑州   河南人民出版社  1981
页数: 341页
开本: 19cm
丛书名:
单 册:
中图分类: G634.41 , G633.4
科图分类:
主题词: 英语--中学--习题 , 教育--各级
电子资源:
ISBN:
000 00720nam0 2200265 45
001 0181008699
005 20040510085517.6
010    @dCNY0.91
091    @a7105.133
100    @a19950606d1981 demy0chiy0121 ea
101 0  @achi
102    @aCN@b410000
105    @ay q 000yy
106    @ar
200 10 @a英语习题1700例@Aying yu xi ti1700 li@f卞志滢编著
210    @a郑州@c河南人民出版社@d1981@h1981重印
215    @a341页@d19cm
606    @a英语@x中学@x习题
606 0  @a教育@x各级
690    @aG634.41@v3
690    @aG633.4
701  0 @a卞志滢@Abian zhi ying@4编著
801  0 @aCN@b上海图书馆@c20040510
801  2 @aCN@bNLC@c20040510
905    @f2@b59490-491@f0@f2@b132231-232@f1@b132235@dG633.4@e27
    
    英语习题1700例/卞志滢编著.-郑州:河南人民出版社,1981(1981重印)
    341页;19cm
    
    
    ISBN :CNY0.91
    
●
相关链接 在E读中查询图书 在五车中查询图书 在当当中查询图书 在豆瓣中查询图书


正题名:英语习题1700例     索取号:G633.4/27         预约/预借

序号 登录号 条形码 馆藏地/架位号 状态 备注
1 0059490   000254398   密集书库/ [索取号:G633.4/27] 在馆    
2 0059491   000254370   密集书库/ [索取号:G633.4/27] 在馆    
3 0132231   000256369   密集书库/ [索取号:G633.4/27] 在馆    
4 0132232   000293104   密集书库/ [索取号:G633.4/27] 在馆    
5 0132235   000292971   密集书库/ [索取号:G633.4/27] 在馆    
唐山师范学院图书馆 欢迎您!
大连网信软件有限公司© 版权所有